000 00553nam a2200145 i 4500
001 43618
003 ES-MaACL
005 20230906160838.0
007 t|
008 030318s1948 po ||||1| por d
245 0 0 _aCatorze anos de política do espirito
_b: apontamientos para uma exposiçao apresentados no S.N.I. ...em Janeiro de 1948.
260 _a[S.l. :
_bs.n.,
_c1948] (
_eLisboa :
_fSecretariado Nacional de Informacion, Oficina Gráfica Limitada)
300 _a31 p., 1 h. pleg., 4 lám. :
_bil. ;
_c25 cm.
852 _aES-MaACL
_jD-7173
_bR.27143
999 _c43618
_d43618